000 00678nam0a22002411 4500
001 RU\NLR\A1SV\27024
005 20251203171251.9
035 _a(NLR Aleph) 009710976
090 _a9833077
_c9833077
100 _a19800113d1923 u y0rusy50 ca
101 0 _arus
102 _aRU
200 1 _aТариф на страхование от огня фабрик и заводов
_fВсерос. кооп. страх. союз
210 _aМ.
_cЦентросоюз
_d1923
215 _a61 с.
_d23 см
620 _dМосква
801 0 _aRU
_bNLR
_c19800113
852 _aNLR
_j34.108.5.98
899 _aРГБ
942 _cBOOK
980 _aNB
980 _aA1SV